| 000 | 02971nam0a2200397 4500 | ||
|---|---|---|---|
| 001 | RU\NLR\BIBL_A\011835723 | ||
| 005 | 20250310150816.0 | ||
| 010 |
_a978-5-6040460-6-7 _9500 |
||
| 021 |
_aRU _bКН-П-18-070519 _9КН-П-18-5069 |
||
| 035 | _a(NLR Aleph) 011835723 | ||
| 035 | _a(RuMoRGB)009749568 | ||
| 090 |
_a12029486 _c12029486 |
||
| 100 | _a20181023d2018 k y0rusy50 ca | ||
| 101 | 0 | _arus | |
| 102 | _aRU | ||
| 105 | _aa z 100zy | ||
| 200 | 1 |
_aИнновации и современные технологии в индустрии моды _eматериалы национальной научно-практической конференции (15 мая 2018 г.) _e[сборник статей] _fМинобрнауки России, Новосибирский технологический институт (филиал) Федерального государственного бюджетного образовательного учреждения высшего образования "Российский государственный университет им. А. Н. Косыгина (Технологии, дизайн, искусство)" _g[редакционная коллегия: ... канд. техн. наук, доц. Пищинская Ольга Владимировна (отв. ред.), канд. экон. наук, доц. Троянова Елена Николаевна (отв. ред.) и др.] |
|
| 210 |
_aНовосибирск _c[б. и.] _aСаратов _cАкадемия управления _d2018 |
||
| 215 |
_a157 с. _cил., табл. _d21 |
||
| 320 | _aБиблиогр. в конце ст. | ||
| 606 | 1 |
_aЛегкая промышленность _xИнновационная деятельность _jСъезды, совещания и т.п _2nlr_sh2 _3RU\NLR\AUTH\661526241 |
|
| 606 | 1 |
_aКостюм _z21 в. _jСъезды, совещания и т.п _2nlr_sh2 _3RU\NLR\AUTH\661545302 |
|
| 606 | 1 |
_aМодельеры _xПодготовка _jСъезды, совещания и т.п _2nlr_sh2 _3RU\NLR\AUTH\6601741130 |
|
| 686 | 1 | _aУ30(2)51-5(2Р)я431 | |
| 686 | 1 | _aЩ126.63(0)65я431 | |
| 686 | 1 | _aЧ458.757.82я431 | |
| 702 | 1 |
_aПищинская _bО. В. _gОльга Владимировна _4340 |
|
| 702 | 1 |
_aТроянова _bЕ. Н. _gЕлена Николаевна _4340 |
|
| 711 | 1 | 2 |
_a"Инновации и современные технологии в индустрии моды", национальная научно-практическая конференция _f2018 _eНовосибирск _3RU\NLR\AUTH\880485000 |
| 712 | 0 | 2 |
_aНовосибирский технологический институт _3RU\NLR\AUTH\880425985 _4570 |
| 942 | _cBOOK | ||
| 980 | _aNBR | ||
| 980 | _aNB | ||